[Event "Itzehoe op"]
[Site "Itzehoe"]
[Date "2025.05.29"]
[Round "1"]
[White "Nolte, Alexander Nicolai"]
[Black "Koop, Michael1"]
[Result "1-0"]
[WhiteElo "1906"]
[BlackElo "1561"]
[PlyCount "107"]
[EventDate "2025.05.29"]
[EventType "swiss"]
[EventRounds "7"]
[EventCountry "GER"]
[SourceTitle "CB23_2025"]
[SourceDate "2025.06.04"]
[SourceVersion "1"]
[SourceVersionDate "2025.06.04"]
[SourceQuality "1"]

1. d4 d5 2. c4 dxc4 3. e4 e5 4. d5 Nf6 5. Nc3 c6 6. Bxc4 Bb4 7. Qb3 cxd5 8. Bb5+ Nc6 9. Qxb4 Bd7 10. Bxc6 Bxc6 11. Bg5 d4 12. Nb5 a5 13. Nd6+ Kd7 14. Qa3 Qe7 15. Nc4 Qxa3 16. bxa3 Ke6 17. f3 Nd7 18. Ne2 Rhc8 19. Nb2 Bb5 20. Rc1 Nb6 21. Kd2 f6 22. Bh4 Nc4+ 23. Nxc4 Rxc4 24. Rxc4 Bxc4 25. Nc1 b5 26. Nd3 Kd6 27. Rc1 Bxa2 28. f4 Bc4 29. fxe5+ fxe5 30. Nb2 Rc8 31. a4 Rc6 32. axb5 Bxb5 33. Rxc6+ Kxc6 34. Be7 g6 35. Bd8 a4 36. Be7 Kd7 37. Bb4 Ke6 38. Nd1 Bc4 39. Kc1 Bb3 40. Nf2 h5 41. Nd3 Bc4 42. Nc5+ Kf6 43. Nxa4 Kg5 44. Bd6 Kf4 45. Nc5 h4 46. Kd2 Bf1 47. g3+ hxg3 48. hxg3+ Kf3 49. Bxe5 d3 50. Bf4 Be2 51. e5 Kg4 52. e6 Bf3 53. Nd7 Bc6 54. Ne5+ 1-0

[Event "Hannover-ch op"]
[Site "Stadthagen"]
[Date "2009.10.06"]
[Round "7"]
[White "Nolte, Alexander Nicolai"]
[Black "Eilert, Marius"]
[Result "1/2-1/2"]
[WhiteElo "1787"]
[BlackElo "1767"]
[PlyCount "50"]
[EventDate "2009.10.01"]
[EventType "swiss"]
[EventRounds "7"]
[EventCountry "GER"]
[SourceTitle "EXT 2021"]
[Source "ChessBase"]
[SourceDate "2020.10.23"]
[SourceVersion "1"]
[SourceVersionDate "2020.10.23"]
[SourceQuality "1"]

1. d4 Nf6 2. c4 c5 3. d5 b5 4. cxb5 a6 5. b6 Qxb6 6. Nc3 g6 7. Nf3 Bg7 8. e4 d6 9. h3 0-0 10. Bd3 a5 11. a4 Na6 12. 0-0 Nb4 13. Bb5 Ne8 14. Nd2 Nc7 15. Nc4 Qb8 16. Re1 Rd8 17. Bg5 Kf8 18. Qd2 Bd7 19. Na3 Bxb5 20. Ncxb5 Ra6 21. Bh6 e6 22. Bxg7+ Kxg7 23. Nxc7 Qxc7 24. Nb5 Qe7 25. Re2 e5 1/2-1/2

[Event "Hannover-ch op"]
[Site "Stadthagen"]
[Date "2009.10.04"]
[Round "3"]
[White "Braje, Monika"]
[Black "Nolte, Alexander Nicolai"]
[Result "1-0"]
[WhiteElo "1681"]
[BlackElo "1787"]
[PlyCount "65"]
[EventDate "2009.10.01"]
[EventType "swiss"]
[EventRounds "7"]
[EventCountry "GER"]
[SourceTitle "EXT 2021"]
[Source "ChessBase"]
[SourceDate "2020.10.23"]
[SourceVersion "1"]
[SourceVersionDate "2020.10.23"]
[SourceQuality "1"]

1. e4 c5 2. d4 cxd4 3. c3 dxc3 4. Nxc3 e6 5. Nf3 Ne7 6. Bc4 Nbc6 7. 0-0 Ng6 8. Qe2 Bb4 9. Rd1 0-0 10. Bg5 Qa5 11. Rac1 a6 12. a3 Be7 13. Bd2 Qd8 14. Ba2 b5 15. Be3 Bb7 16. Ne1 Qc7 17. Nd5 exd5 18. exd5 Rad8 19. dxc6 dxc6 20. b4 Rxd1 21. Qxd1 Rd8 22. Qb3 Bf8 23. Bb6 Qf4 24. Bxd8 Ne5 25. Qe3 Qf5 26. Bc7 Ng4 27. Qf4 Qg6 28. Bb1 Qh5 29. Rc3 Nf6 30. Qf3 Qh4 31. Bd8 Qd4 32. Bxf6 gxf6 33. Qe4 1-0

[Event "Hannover-ch op"]
[Site "Stadthagen"]
[Date "2009.10.03"]
[Round "1"]
[White "Kleine, Matthias"]
[Black "Nolte, Alexander Nicolai"]
[Result "0-1"]
[WhiteElo "1690"]
[BlackElo "1787"]
[PlyCount "54"]
[EventDate "2009.10.01"]
[EventType "swiss"]
[EventRounds "7"]
[EventCountry "GER"]
[SourceTitle "EXT 2021"]
[Source "ChessBase"]
[SourceDate "2020.10.23"]
[SourceVersion "1"]
[SourceVersionDate "2020.10.23"]
[SourceQuality "1"]

1. e4 c5 2. Nf3 e6 3. c3 d5 4. exd5 Qxd5 5. d4 Nc6 6. Be3 Nf6 7. c4 Qd8 8. Be2 cxd4 9. Nxd4 Bb4+ 10. Nc3 Bxc3+ 11. bxc3 Bd7 12. Bf3 Qc7 13. Nb5 Qe5 14. Nd6+ Ke7 15. Nb5 Rhd8 16. 0-0 a6 17. Nd4 Na5 18. Qc1 Rac8 19. Rb1 Nxc4 20. Rxb7 Nxe3 21. fxe3 Ke8 22. Re1 Qc5 23. Rb3 e5 24. Nc2 Bb5 25. Qa3 Rd2 26. Nb4 e4 27. Bd1 Qf5 0-1

[Event "Hannover-ch C/D"]
[Site "Lehrte"]
[Date "2008.10.11"]
[Round "1"]
[White "Wittur, Helge"]
[Black "Nolte, Alexander Nicolai"]
[Result "1/2-1/2"]
[WhiteElo "1879"]
[BlackElo "1757"]
[PlyCount "95"]
[EventDate "2008.10.11"]
[EventType "swiss"]
[EventRounds "7"]
[EventCountry "GER"]
[SourceTitle "EXT 2021"]
[Source "ChessBase"]
[SourceDate "2020.10.23"]
[SourceVersion "1"]
[SourceVersionDate "2020.10.23"]
[SourceQuality "1"]

1. d4 d5 2. Nf3 Nf6 3. g3 c6 4. Bg2 e6 5. 0-0 Bd6 6. Nbd2 0-0 7. Re1 Nbd7 8. e4 dxe4 9. Nxe4 Nxe4 10. Rxe4 Re8 11. Qd3 e5 12. Ng5 Nf6 13. Re1 g6 14. Qc4 Qc7 15. dxe5 Bxe5 16. Rxe5 Qxe5 17. Qxf7+ Kh8 18. Be3 Qe7 19. Qb3 Kg7 20. Bd4 Be6 21. Qc3 Bd5 22. Bxd5 cxd5 23. Nxh7 Kxh7 24. Bxf6 Qf7 25. Bd4 a6 26. Re1 Rac8 27. Rxe8 Qxe8 28. Qd2 Qe4 29. c3 Re8 30. a4 Qe1+ 31. Qxe1 Rxe1+ 32. Kg2 Ra1 33. Kf3 Rxa4 34. Kf4 Ra5 35. Ke5 Rb5 36. b4 a5 37. bxa5 Rxa5 38. Ke6 g5 39. h4 gxh4 40. gxh4 Kg6 41. f4 Ra6+ 42. Kxd5 Kf5 43. Be5 Rh6 44. Kc5 Ke4 45. Kb5 Rc6 46. c4 Kf5 47. c5 Kg4 48. Bd6 1/2-1/2

[Event "Hannover-ch A/B"]
[Site "Lehrte"]
[Date "2006.10.16"]
[Round "6"]
[White "Eike, Thomas"]
[Black "Nolte, Alexander Nicolai"]
[Result "0-1"]
[WhiteElo "1700"]
[BlackElo "1741"]
[PlyCount "80"]
[EventDate "2006.10.14"]
[EventType "swiss"]
[EventRounds "7"]
[EventCountry "GER"]
[SourceTitle "EXT 2021"]
[Source "ChessBase"]
[SourceDate "2020.10.23"]
[SourceVersion "1"]
[SourceVersionDate "2020.10.23"]
[SourceQuality "1"]

1. Nf3 d5 2. c4 c6 3. b3 Bf5 4. g3 Nf6 5. Bg2 Nbd7 6. Bb2 e6 7. d3 Bd6 8. Nh4 Bg6 9. Nxg6 hxg6 10. e4 Bb4+ 11. Bc3 Bxc3+ 12. Nxc3 d4 13. Ne2 e5 14. b4 c5 15. a3 Rh6 16. h3 Ke7 17. f4 b6 18. fxe5 Nxe5 19. Nf4 Qd7 20. Nd5+ Kd6 21. g4 g5 22. Qd2 Rah8 23. 0-0-0 Nxd5 24. exd5 f6 25. bxc5+ bxc5 26. Qa5 Rb8 27. Kc2 Rb6 28. Rb1 Qc7 29. Rxb6+ axb6 30. Qb5 Rh8 31. Rb1 Rb8 32. a4 Qd7 33. Qa6 Qb7 34. Qxb7 Rxb7 35. Be4 Nd7 36. a5 Rb8 37. Bf5 bxa5 38. Bxd7 Rxb1 39. Kxb1 Kxd7 40. Kb2 g6 0-1

[Event "Hannover-ch A/B"]
[Site "Lehrte"]
[Date "2006.10.15"]
[Round "3"]
[White "Nolte, Alexander Nicolai"]
[Black "Reiners, Carl Amadeus"]
[Result "0-1"]
[WhiteElo "1741"]
[BlackElo "1670"]
[PlyCount "96"]
[EventDate "2006.10.14"]
[EventType "swiss"]
[EventRounds "7"]
[EventCountry "GER"]
[SourceTitle "EXT 2021"]
[Source "ChessBase"]
[SourceDate "2020.10.23"]
[SourceVersion "1"]
[SourceVersionDate "2020.10.23"]
[SourceQuality "1"]

1. d4 c5 2. d5 Nf6 3. c4 Ne4 4. Nd2 Qa5 5. Ngf3 g6 6. Qc2 Nd6 7. e4 Bg7 8. Bd3 Na6 9. a3 b5 10. 0-0 Nb4 11. Qb3 Nxd3 12. Qxd3 bxc4 13. Nxc4 Nxc4 14. Qxc4 Ba6 15. Qc2 Bxf1 16. Kxf1 0-0 17. Rb1 Rab8 18. Bd2 Qb5+ 19. Kg1 d6 20. b4 cxb4 21. Rxb4 Qc5 22. Qb3 Rxb4 23. axb4 Qb5 24. Qc2 Rb8 25. Qc7 Qb7 26. Qc6 Qxc6 27. dxc6 a6 28. c7 Rc8 29. b5 axb5 30. Ba5 b4 31. Nd2 Bd4 32. Nb3 Bc5 33. Kf1 Kf8 34. Ke2 Ke8 35. f3 Kd7 36. Kd3 Ra8 37. Kc4 Rxa5 38. Nxa5 Kxc7 39. f4 Be3 40. Kxb4 Bxf4 41. h3 Bd2+ 42. Kb5 Bxa5 43. Kxa5 Kc6 44. Kb4 d5 45. e5 f6 46. exf6 exf6 47. g4 Kd6 48. Kc3 Ke5 0-1

[Event "Niedersachsen-ch"]
[Site "Verden"]
[Date "2006.01.06"]
[Round "4"]
[White "Wickert, Detlef"]
[Black "Nolte, Alexander Nicolai"]
[Result "1-0"]
[WhiteElo "2039"]
[BlackElo "1485"]
[PlyCount "103"]
[EventDate "2006.01.??"]
[EventType "swiss"]
[EventRounds "7"]
[EventCountry "GER"]
[SourceTitle "CBM 110 Extra"]
[Source "ChessBase"]
[SourceDate "2006.03.10"]
[SourceVersion "2"]
[SourceVersionDate "2006.03.10"]
[SourceQuality "1"]

1. e4 c5 2. Nf3 e6 3. d4 cxd4 4. Nxd4 a6 5. c4 Nc6 6. Nc3 Nf6 7. Nxc6 bxc6 8. a3 Bb7 9. e5 Ng8 10. Bd3 d5 11. exd6 Bxd6 12. Ne4 Be5 13. 0-0 Qc7 14. h3 c5 15. Qe2 Ne7 16. Ng5 h6 17. Nf3 Bf6 18. Rb1 Nc6 19. b4 Nd4 20. Nxd4 cxd4 21. c5 0-0 22. Qg4 Kh8 23. Re1 Rad8 24. Bf4 Qe7 25. Bd6 Rxd6 26. cxd6 Qxd6 27. a4 e5 28. b5 axb5 29. axb5 Rc8 30. Be4 Qb6 31. Qd7 Rb8 32. Qxf7 Bxe4 33. Rxe4 d3 34. Qb3 d2 35. Re2 Qd6 36. Rd1 Bg5 37. h4 Rc8 38. hxg5 Rc1 39. gxh6 gxh6 40. b6 Qxb6 41. Qxb6 Rxd1+ 42. Kh2 Rh1+ 43. Kg3 d1Q 44. Qb8+ Kh7 45. Qc7+ Kg6 46. Qc6+ Kg7 47. Qc7+ Kg6 48. Rxe5 Qb3+ 49. Re3 Qg8 50. Re4 Qb3+ 51. f3 Qf7 52. Qd6+ 1-0

[Event "Niedersachsen-ch"]
[Site "Verden"]
[Date "2006.01.05"]
[Round "2"]
[White "Kingerter, Kjell"]
[Black "Nolte, Alexander Nicolai"]
[Result "0-1"]
[WhiteElo "912"]
[BlackElo "1485"]
[PlyCount "34"]
[EventDate "2006.01.??"]
[EventType "swiss"]
[EventRounds "7"]
[EventCountry "GER"]
[SourceTitle "CBM 110 Extra"]
[Source "ChessBase"]
[SourceDate "2006.03.10"]
[SourceVersion "2"]
[SourceVersionDate "2006.03.10"]
[SourceQuality "1"]

1. e4 c5 2. Nc3 Nc6 3. Nf3 a6 4. d4 cxd4 5. Nxd4 e6 6. Bc4 b5 7. Bb3 Bb7 8. Bf4 Bb4 9. 0-0 Nf6 10. e5 Bxc3 11. bxc3 Ne4 12. Qg4 Rg8 13. Bh6 Nxe5 14. Qe2 gxh6 15. f3 f5 16. fxe4 Bxe4 17. Nxf5 Rxg2+ 0-1